Costos y rentabilidad de la informática / Frans C. Lamaire
ISBN:
84-251-0126-3
Descripción Física:
127 p. ; 18 cm
Colección:
La vida de la empresa ; 31
MARC
| LEADER | 00000nam a2200000Ia 4500 | ||
|---|---|---|---|
| 001 | 14208 | ||
| 008 | 160829s1974 xx 000 0 cat d | ||
| 020 | |a 84-251-0126-3 | ||
| 080 | |a C-2-241 | ||
| 100 | |a Lamaire, Frans C. |9 24947 | ||
| 245 | |a Costos y rentabilidad de la informática / Frans C. Lamaire | ||
| 260 | |a Madrid ; Barcelona : |b Guadiana de Publicaciones, |c 1974 | ||
| 300 | |a 127 p. ; |c 18 cm | ||
| 490 | |a La vida de la empresa ; 31 | ||
| 650 | |a Automatització |x Valoració |9 24948 | ||
| 650 | |a Informàtica |x Costos |9 24949 | ||
| 901 | |a Arxiu | ||
| 942 | |n 1 | ||
| 952 | |0 0 |1 0 |4 0 |6 C2241 |7 1 |9 43386 |a Arxiu |b Arxiu |d 2016-12-01 |l 0 |o C-2-241 |p 14208 |r 2016-12-01 00:00:00 |w 2016-12-01 |y ARXIU | ||
| 999 | |c 45931 |d 45931 | ||